000 00510nam a22001937a 4500
005 20150818104433.0
010 _aENG-113488
020 _c150.00
_a9350571072
020 _c150.00
_a9789350571071
035 _aEN-97020
037 _bDBAD/PUB
082 _aS
245 _aGreatest supernatural stories
260 _aNew Delhi
_bV&S Publishers
_c2014
270 _aF-216, Ansari Road, Daryaganj
_bNew Delhi
_e110002
300 _a188p.
_c22cm(Hb)
490 _aClassic series
942 _2ddc
_cEN
_mGRE
_hS
999 _c94956
_d94956